000
00337nam a2200145Ia 4500
005
20250317134456.0
008
240331s9999 xx 000 0 und d
082
_b
KAN
_a
894
100
_a
Kantharvan,
245
0
_a
Sasanam
260
_a
Shivagangai
_b
Annam ( Pvt) Ltd
_c
1991
300
_a
106 p .,
650
_a
Short Stories
942
_c
L
999
_c
3842
_d
3842